000 00452nam a2200157Ia 4500
008 221030s9999 xx 000 0 und d
020 _a08946809
041 _aEnglish
082 _a105.23
_bBPB
100 _aBPB
245 0 _aIC Master 2001 Vol. III : Part Number Index, Part Number Guide Manufactures & Distributors Dictionary Advertisers Tec. Data
_cby BPB
260 _bBPB Pub
_aNew Delhi
_c2001
300 _a4144
650 _aECE
942 _cBK
999 _c8422
_d8422